[Event "Kalamazoo op1"]
[Site "Kalamazoo"]
[Date "2003.08.31"]
[Round "4.6"]
[White "Hodge, Larry"]
[Black "Chu, Ray"]
[Result "1-0"]
[WhiteElo "1316"]
[BlackElo "946"]
[PlyCount "77"]
[EventDate "2003.08.29"]
[EventType "swiss"]
[EventRounds "7"]
[EventCountry "USA"]
[SourceTitle "EXT 2007"]
[Source "ChessBase"]
[SourceDate "2006.11.23"]
[SourceVersion "1"]
[SourceVersionDate "2006.11.23"]
[SourceQuality "1"]

1. c4 e5 2. Nc3 Bc5 3. Nf3 Nc6 4. e3 Bb6 5. d4 exd4 6. exd4 d6 7. Be3 Bg4 8. Be2 Qd7 9. a3 Nf6 10. b4 a6 11. Qd2 Ne7 12. h3 Bh5 13. Rd1 0-0 14. 0-0 Rad8 15. Bg5 Ne8 16. Bxe7 Qxe7 17. Nd5 Qd7 18. Qg5 Bxf3 19. Bxf3 f5 20. Rfe1 Rf7 21. Re7 Rxe7 22. Qxe7 Qxe7 23. Nxe7+ Kh8 24. Bxb7 g5 25. Nc6 Rd7 26. Re1 Ng7 27. Bxa6 Bxd4 28. Nxd4 c5 29. bxc5 dxc5 30. Nc6 Rc7 31. Bb5 Rd7 32. a4 Rd3 33. a5 Kg8 34. a6 Kf8 35. a7 Ra3 36. Re7 Ne8 37. Rd7 Nf6 38. Rd8+ Kf7 39. a8Q 1-0

[Event "Auburn Hills op"]
[Site "Auburn Hills"]
[Date "2003.04.27"]
[Round "5"]
[White "Crist, Kevin"]
[Black "Hodge, Larry"]
[Result "1/2-1/2"]
[WhiteElo "1185"]
[BlackElo "1320"]
[PlyCount "106"]
[EventDate "2003.04.26"]
[EventType "swiss"]
[EventRounds "5"]
[EventCountry "USA"]
[SourceTitle "EXT 2007"]
[Source "ChessBase"]
[SourceDate "2006.11.23"]
[SourceVersion "1"]
[SourceVersionDate "2006.11.23"]
[SourceQuality "1"]

1. d4 d5 2. Nf3 Nc6 3. c4 Nf6 4. Nc3 e6 5. e3 Bb4 6. Bd2 0-0 7. a3 Be7 8. Be2 a6 9. 0-0 Re8 10. Qc2 dxc4 11. Bxc4 b5 12. Bd3 h6 13. Ne5 Nxe5 14. dxe5 Nd5 15. Bh7+ Kh8 16. Be4 c6 17. Rad1 Bb7 18. Ne2 Qc7 19. f4 f5 20. Bf3 Qb6 21. Bxd5 cxd5 22. Nd4 Rac8 23. Qd3 Rc7 24. Bc3 Bc5 25. Qd2 Rf7 26. Rf3 Bc8 27. b4 Bxd4 28. Qxd4 Qxd4 29. Bxd4 Rc7 30. Bc5 Bb7 31. Rg3 Kh7 32. h4 h5 33. Kf2 Rd7 34. Rd4 Rdd8 35. Rg5 g6 36. Rd2 Ra8 37. Rb2 Bc6 38. Bb6 Rec8 39. Rc2 Be8 40. Rxc8 Rxc8 41. Bc5 a5 42. Rg3 axb4 43. axb4 Ra8 44. Rh3 Ra2+ 45. Kg3 Bc6 46. Rh2 Ra3 47. Rh1 Ra2 48. Rg1 Kg7 49. Bd4 Ra6 50. Rc1 Kh7 51. Kf3 Kg7 52. Rc2 Kh7 53. g3 Kg7 1/2-1/2

[Event "Kalamazoo op"]
[Site "Kalamazoo"]
[Date "2002.10.20"]
[Round "4.18"]
[White "Schooley, Benjamin"]
[Black "Hodge, Larry"]
[Result "1-0"]
[WhiteElo "1157"]
[BlackElo "1490"]
[PlyCount "79"]
[EventDate "2002.10.19"]
[EventType "swiss"]
[EventRounds "5"]
[EventCountry "USA"]
[SourceTitle "EXT 2007"]
[Source "ChessBase"]
[SourceDate "2006.11.23"]
[SourceVersion "1"]
[SourceVersionDate "2006.11.23"]
[SourceQuality "1"]

1. e4 e5 2. Nf3 Nc6 3. c3 d5 4. Bb5 dxe4 5. Nxe5 Bd7 6. Nxd7 Qxd7 7. 0-0 Be7 8. f3 a6 9. Ba4 Nf6 10. fxe4 Nxe4 11. d4 b5 12. Bb3 Nf6 13. Bg5 0-0 14. Nd2 Rad8 15. Nf3 h6 16. Bd2 Bd6 17. a4 Ra8 18. Qe2 Rfe8 19. Qd3 Ne7 20. Nh4 Ned5 21. Nf5 Ng4 22. Qf3 Ndf6 23. Nxd6 Qxd6 24. Bf4 Qd7 25. h3 h5 26. hxg4 hxg4 27. Qd1 c6 28. Be5 c5 29. Bxf6 gxf6 30. dxc5 Qxd1 31. Raxd1 bxa4 32. Bxa4 Re6 33. Rd6 Kg7 34. Bd7 Rxd6 35. cxd6 Rd8 36. Bxg4 Rxd6 37. Rd1 Rb6 38. b4 Rb7 39. Be2 Ra7 40. Ra1 1-0

[Event "Lansing op"]
[Site "Lansing"]
[Date "2002.09.02"]
[Round "6"]
[White "Hodge, Larry"]
[Black "Cendrowski, Chris D"]
[Result "1-0"]
[WhiteElo "1339"]
[BlackElo "1461"]
[PlyCount "133"]
[EventDate "2002.08.30"]
[EventType "swiss"]
[EventRounds "7"]
[EventCountry "USA"]
[SourceTitle "EXT 2007"]
[Source "ChessBase"]
[SourceDate "2006.11.23"]
[SourceVersion "1"]
[SourceVersionDate "2006.11.23"]
[SourceQuality "1"]

1. c4 c6 2. Nc3 d5 3. cxd5 cxd5 4. d4 Nc6 5. Nf3 Nf6 6. Bf4 Bf5 7. a3 e6 8. e3 Rc8 9. Rc1 Be7 10. b4 0-0 11. Qb3 Ne4 12. Be2 Bg4 13. h3 Bh5 14. Qb2 Re8 15. 0-0 Bf6 16. Rfe1 Nd6 17. Nd2 Bxe2 18. Nxe2 Qd7 19. Rc2 Ne7 20. Rec1 Rxc2 21. Rxc2 Rc8 22. Qb3 Rxc2 23. Qxc2 Nec8 24. Nc1 Nb6 25. Qc5 Be7 26. Qc2 Nbc4 27. Nxc4 Nxc4 28. Qb3 b6 29. Nd3 f6 30. Nb2 Qc8 31. Qc3 b5 32. Nd3 Qa6 33. Nc5 Bxc5 34. bxc5 Qxa3 35. Qxa3 Nxa3 36. c6 Nc4 37. c7 Nb6 38. Bd6 a5 39. Bc5 Nc8 40. Kf1 Kf7 41. Ke1 Ke8 42. Kd1 Kd7 43. Kc2 Kxc7 44. Kb3 Nd6 45. f3 Nf5 46. e4 Nh4 47. exd5 exd5 48. Bf8 Nf5 49. Bc5 g6 50. g4 Nd6 51. h4 h5 52. Kc3 hxg4 53. fxg4 Ne4+ 54. Kd3 Nxc5+ 55. dxc5 Kc6 56. h5 gxh5 57. gxh5 a4 58. h6 a3 59. h7 Kxc5 60. h8Q a2 61. Qxf6 b4 62. Qb2 b3 63. Kc3 d4+ 64. Kxb3 d3 65. Qxa2 Kd4 66. Qd2 Ke4 67. Kc3 1-0

[Event "Lansing op"]
[Site "Lansing"]
[Date "2001.09.03"]
[Round "7"]
[White "Hodge, Larry"]
[Black "Saylor, Oliver"]
[Result "1-0"]
[WhiteElo "1449"]
[BlackElo "1536"]
[PlyCount "152"]
[EventDate "2001.08.31"]
[EventType "swiss"]
[EventRounds "7"]
[EventCountry "USA"]
[SourceTitle "EXT 2007"]
[Source "ChessBase"]
[SourceDate "2006.11.23"]
[SourceVersion "1"]
[SourceVersionDate "2006.11.23"]
[SourceQuality "1"]

1. e4 e5 2. Nf3 Nc6 3. Bb5 a6 4. Ba4 Nf6 5. d3 d6 6. c3 Bd7 7. Bg5 Be7 8. Nbd2 h6 9. Bxf6 Bxf6 10. Nf1 0-0 11. Ne3 Ne7 12. Bc2 c6 13. d4 exd4 14. Nxd4 Qb6 15. Nc4 Qc5 16. Qd3 Ng6 17. Ne2 Bg4 18. f3 Be6 19. b3 d5 20. exd5 Bxd5 21. 0-0-0 Bxc4 22. Qxc4 Qxc4 23. bxc4 Ne5 24. Bb3 Rfe8 25. Nd4 a5 26. a4 g6 27. Kc2 Rad8 28. Rhf1 Nd7 29. Rf2 Nc5 30. Rdd2 Re1 31. Rfe2 Rxe2 32. Rxe2 Bxd4 33. cxd4 Nxb3 34. Kxb3 Rxd4 35. Kc3 Rd7 36. g4 Kg7 37. h4 Kf6 38. f4 h5 39. gxh5 gxh5 40. Re5 Re7 41. Rxh5 b5 42. cxb5 cxb5 43. Rxb5 Re4 44. Rxa5 Rxf4 45. h5 Rh4 46. Kd3 Kg7 47. Ke3 Kh6 48. Kf3 Kh7 49. Kg3 Rb4 50. Ra6 Kg7 51. a5 Ra4 52. Ra7 Kg8 53. a6 Kg7 54. Ra8 Kh7 55. a7 Kg7 56. Kf3 f5 57. Ke3 f4+ 58. Kf3 Ra1 59. Kxf4 Rf1+ 60. Ke3 Re1+ 61. Kd2 Ra1 62. Kc3 Ra5 63. Kb4 Rxh5 64. Rg8+ Kxg8 65. a8Q+ Kg7 66. Qg2+ Kh6 67. Kc4 Rg5 68. Qh3+ Kg6 69. Kd4 Rh5 70. Qg4+ Rg5 71. Qe6+ Kh5 72. Ke4 Rg4+ 73. Kf3 Rg5 74. Kf4 Kh4 75. Qe1+ Kh5 76. Qe8+ Kh6 1-0

[Event "Lansing op"]
[Site "Lansing"]
[Date "2001.09.01"]
[Round "2"]
[White "Hodge, Larry"]
[Black "Aldrich, Justin M"]
[Result "0-1"]
[WhiteElo "1449"]
[BlackElo "1525"]
[PlyCount "58"]
[EventDate "2001.08.31"]
[EventType "swiss"]
[EventRounds "7"]
[EventCountry "USA"]
[SourceTitle "EXT 2007"]
[Source "ChessBase"]
[SourceDate "2006.11.23"]
[SourceVersion "1"]
[SourceVersionDate "2006.11.23"]
[SourceQuality "1"]

1. d4 d5 2. c4 c6 3. Nc3 dxc4 4. e4 b5 5. Bd2 e6 6. Nf3 Nf6 7. Qc2 Nbd7 8. Be2 Nb6 9. a3 Be7 10. 0-0 0-0 11. Na2 Bb7 12. Be3 Qc7 13. h3 c5 14. Nc3 a6 15. Rfd1 cxd4 16. Rxd4 Bc5 17. Rd2 Bxe3 18. fxe3 Qc5 19. Nd4 Qg5 20. Bf3 Qxe3+ 21. Kf1 Rad8 22. Re1 Qf4 23. Ree2 Qe5 24. Qd1 Rd7 25. Nxe6 Qxe6 26. Rxd7 Nbxd7 27. Nd5 Ne5 28. Nxf6+ Qxf6 29. Rf2 Nd3 0-1